000 00686nam a22002531 4500
001 01136953
003 DO-SdBNP
005 20180207133039.0
007 01136953
008 930725s1984 mx spa
016 7 _a
_z
_2BPMSU
035 _a
040 _aBPMSU
_bspa
_cBPMSU
080 0 _a
100 1 _aMandino, Og,
_d1923-1996.
245 1 3 _aEl secreto mas grande del mundo /
_ctraductora, Margarita Álvarez Franco
_h
250 _a
260 _aMéxico :
_bDiana,
_c1984
300 _a192 p.:
_c20 cm
700 1 2 _aÁlvarez Franco, Margarita
_etr.
942 _2ddc
_cBK
945 _aInventariado, 2018 /LP
956 _aVMATEO
_b10
_c20160609
_dBPMSU
_f0069
999 _c10323
_d10323